Hazard ecology : (Record no. 48364)

MARC details
000 -LEADER
fixed length control field 01575cam a2200301 a 4500
005 - DATE AND TIME OF LATEST TRANSACTION
control field 20031230185550.0
010 ## - LCCN (DPL NO)
LC control number ENG-101721 B-423407-408
020 ## - INTERNATIONAL STANDARD BOOK NUMBER
Terms of availability 1250.00
International Standard Book Number 9788183241052
035 ## - SYSTEM CONTROL NUMBER
System control number EN-85254
035 ## - SYSTEM CONTROL NUMBER
System control number B-423407-408
037 ## - SOURCE OF ACQUISITION
Source of stock number/acquisition DBAD/PUB
037 ## - SOURCE OF ACQUISITION
Source of stock number/acquisition Allied Publishers
082 ## - DEWEY DECIMAL CLASSIFICATION NUMBER
Classification number 363.340954
245 10 - TITLE STATEMENT
Title Hazard ecology :
Statement of responsibility, etc edited by B.W. Pandey
Remainder of title approaches and techniques /
260 ## - PUBLICATION, DISTRIBUTION, ETC. (IMPRINT)
Place of publication, distribution, etc New Delhi
Name of publisher, distributor, etc Mittal Publications
Date of publication, distribution, etc 2010
270 ## - ADDRESS
Address 4594/9, Daryaganj,
City New Delhi
Postal code 110002
300 ## - PHYSICAL DESCRIPTION
Extent xxiii,392p.
Dimensions 24cm (Hb)
500 ## - GENERAL NOTE
General note Includes bibliographical references and index
650 #0 - SUBJECT ADDED ENTRY--TOPICAL TERM
Topical term or geographic name as entry element Hazardous geographic environments
General subdivision India.
650 #0 - SUBJECT ADDED ENTRY--TOPICAL TERM
Topical term or geographic name as entry element Environmental impact analysis
General subdivision India.
650 #0 - SUBJECT ADDED ENTRY--TOPICAL TERM
Topical term or geographic name as entry element Ecological risk assessment
General subdivision India.
700 ## - ADDED ENTRY--PERSONAL NAME
9 (RLIN) 23269
Personal name Pandey, B.W.
942 ## - ADDED ENTRY ELEMENTS (KOHA)
Source of classification or shelving scheme Dewey Decimal Classification
Item type English Books
Call number suffix HAZ
Classification part 363.340954
Holdings
Withdrawn status Lost status Not for loan Collection code Home library Current library Date acquired Source of acquisition Cost, normal purchase price Full call number Barcode Copy number Cost, replacement price Koha item type
      Reference Central Library Central Library 02/08/2011 Allied Publishers/CR/0002704/17.3.11/75/4.3.11/17.3.11 1250.00 363.340954 HAZ B-423407 1 1250.00 English Books
    Not For Loan Non-fiction D.B.Act.Division D.B.Act.Division 11/10/2010 DBAD/PUB 1250.00 363.340954 HAZ EN-85254 1 1250.00 English Books
      Reference Shahdara Branch Shahdara Branch 02/08/2011 Allied Publishers/CR/0002704/17.3.11/75/4.3.11/17.3.11 1250.00 363.340954 HAZ B-423408 1 1250.00 English Books

© Delhi Public Library
Hit Counter
free hit counter